Serie Política Económica /
Salvato in:
| Ente Autore: | |
|---|---|
| Natura: | Libro |
| Lingua: | Spanish |
| Pubblicazione: |
Heredia, Costa Rica:
Editorial Fundación UNA,
|
| Soggetti: | |
| Tags: |
Aggiungi Tag
Nessun Tag, puoi essere il primo ad aggiungerne!!
|
MARC
| LEADER | 00000nam a22000007a 4500 | ||
|---|---|---|---|
| 003 | cru CIDCACS/IIS | ||
| 005 | 20190117105121.0 | ||
| 007 | ta | ||
| 008 | 190116n cr |||p|r||||||0| ||spa|d | ||
| 999 | |c 42044 |d 42044 | ||
| 022 | |a 9977906432 | ||
| 040 | |c cru CIDCACS/IIS | ||
| 090 | |a REV1442 | ||
| 110 | 1 | |9 840 |a Universidad Nacional de Costa Rica | |
| 245 | 1 | |a Serie Política Económica / |c Universidad Nacional de Costa Rica | |
| 260 | |a Heredia, Costa Rica: |b Editorial Fundación UNA, | ||
| 270 | |a Campus Universitario. Apdo. 86-3000 |d Costa Rica |b Heredia | ||
| 500 | |a EXISTENCIAS : 1992 (3, 5-6) 1993 (7-8) | ||
| 650 | 0 | |9 4723 |a ECONOMIA POLITICA | |
| 650 | 0 | |9 3697 |a CRISIS POLITICA | |
| 650 | 0 | |9 4723 |a ECONOMIA POLITICA | |
| 650 | 0 | |9 75 |a CIENCIAS SOCIALES | |
| 942 | |2 ddc |c PP | ||
